000 00257nam a2200109Ia 4500
008 190913s9999||||xx |||||||||||||| ||und||
100 _aGilbert Held
245 0 _aUnderstanding Data Communications
260 _aindia
_bBPB
_c1999
300 _a550
942 _cBK
999 _c7935
_d7935